Największe gospodarki w 2050 roku - Statystyki

Ogólne statystyki
  • Ten quiz został rozwiązany 13 810 razy
  • Średni wynik to 17 z 20
Statystyki odpowiedzi
PKB Kraj % Poprawnych
53 553 Chiny
99%
41 384 Stany Zjednoczone
99%
6 338 Niemcy
97%
5 207 Francja
96%
6 610 Rosja
96%
27 937 Indie
92%
8 534 Brazylia
91%
7 914 Japonia
91%
3 583 Kanada
91%
3 099 Hiszpania
90%
5 744 Wielka Brytania
89%
3 617 Włochy
86%
7 087 Meksyk
85%
2 903 Australia
82%
4 142 Korea Południowa
76%
8 742 Indonezja
71%
2 896 Egipt
70%
4 481 Arabia Saudyjska
69%
4 354 Turcja
68%
6 354 Nigeria
55%
Nie znaleziono quizów pasujących do podanych kryteriów
Rozkład punktacji
Procent ludzi z każdym wynikiem
Percentyl według liczby udzielonych odpowiedzi
Twoja historia wyników
Nie rozwiązałeś tego quizu